Colaboración cultural entre la Diputación y la secretaria general del movimiento
Publicado:
San Jorge, núm. 81 (1r trimestre 1971), pàg 95 :
MARC
| LEADER | 00000nam a2200000Ia 4500 | ||
|---|---|---|---|
| 001 | |||
| 008 | 160829s9999 xx 000 0 cat d | ||
| 245 | |a Colaboración cultural entre la Diputación y la secretaria general del movimiento | ||
| 260 | |a San Jorge, núm. 81 (1r trimestre 1971), pàg 95 | ||
| 610 | 1 | 0 | |a Barcelona (Catalunya : Província). |b Diputació |9 52408 |
| 650 | |a Movimiento Nacional (España). Secretaría general del movimiento |9 45074 | ||
| 901 | |a Arxiu | ||
| 942 | |n 1 | ||
| 952 | |0 0 |1 0 |4 0 |7 1 |9 52339 |a Arxiu |b Arxiu |d 2016-12-01 |l 0 |r 2016-12-01 00:00:00 |w 2016-12-01 |y ARXIU | ||
| 999 | |c 56187 |d 56187 | ||